000 00567cam a2200217ua 4500
001 7930
005 20260515114253.0
008 150102n ii |||gr||||Z||||||hin
020 _a8170281849
040 _cMAIN
041 _ahin
082 _a891.4303
100 _aBahri, H.,
_eEditor.
245 1 _aRajpal english-hindi dictionary of technical terms
_cEdited by Hardev Bahri
250 _a1st.
260 _aDelhi:
_bRajpal & Sons,
_c1995.
300 _a668p.
653 _aEast Indo-European & Celtic literatures
653 _aHindi dictionary
942 _cBK
999 _c7045
_d7045